Christian ethics and Indian ethos (Record no. 22933)

MARC details
000 -LEADER
fixed length control field 00431nam a2200145 a 4500
082 00 - DEWEY DECIMAL CLASSIFICATION NUMBER
Classification number 241.0954
Author Cutter DAS
100 1# - MAIN ENTRY--AUTHOR NAME
Author name Das, Somen,
245 10 - TITLE STATEMENT
Title Christian ethics and Indian ethos
260 ## - PUBLICATION, DISTRIBUTION, ETC. (IMPRINT)
Place of publication Delhi :
Name of publisher Published by the Indian Society for Promoting Christian Knowledge for the Bishop's College, Calcutta,
Year of publication 2009.
300 ## - PHYSICAL DESCRIPTION
Number of Pages xi, 191 p. ;
650 #0 - SUBJECT ADDED ENTRY--TOPICAL TERM
Topical Term Christian ethics.
650 #0 - SUBJECT ADDED ENTRY--TOPICAL TERM
Topical Term Social ethics.
942 ## - ADDED ENTRY ELEMENTS (KOHA)
Koha item type Books
Holdings
Home library Current library Shelving location Date acquired Source of acquisition Cost, normal purchase price Full call number Accession Number Koha item type
Henry Martyn Institute Library Henry Martyn Institute Library General stacks 06/08/2020 ISPCK 125.00 241.0954 DAS 11004343 Books
                   Copyright © 2026 | Henry Martyn Institute | Hyderabad | TS-500052 | INDIA | Implemented by hmi.edu.in
Hit-Count:

Powered by Koha